Sports Quiz

Random Sports or Baseball Quiz
Score 0/30 Timer 04:00
13 Plays Today
# Team % Correct
3Blue Jays
97.5%
2Mets
96.4%
6Marlins
95.8%
5Rockies
95.7%
7Angels
95%
4Rays
94.4%
11Royals
93.8%
1Diamondbacks
93.5%
9Cardinals
91.8%
14Red Sox
84.9%
15Indians
84.3%
10Nationals
64.7%
8Mariners
57.7%
12Padres
55.4%
17Giants
48.4%
# Team % Correct
29Pirates
40.6%
18Tigers
34.4%
25Phillies
34%
23Astros
32.6%
27Athletics
31.4%
30Braves
25.9%
28Reds
24.7%
26Cubs
22.9%
16Twins
22.2%
22White Sox
19.4%
24Dodgers
18.5%
21Rangers
15.9%
20Brewers
15.5%
19Yankees
13.5%
13Orioles
12.2%
Remove Ads.
Support Sporcle.
Get the best of Sporcle when you Go Orange. This ad-free experience offers more features, more stats, and more fun while also helping to support Sporcle. Thank you for becoming a member.

You're not logged in!

Compare scores with friends on all Sporcle quizzes.
OR
Log In

Show Comments

Extras

Top Quizzes Today


Score Distribution

Your Account Isn't Verified!

In order to create a playlist on Sporcle, you need to verify the email address you used during registration. Go to your Sporcle Settings to finish the process.

Report this User

Report this user for behavior that violates our Community Guidelines.

Details: